Friends Far and Near / (Registro nro. 9123)

Detalles MARC
000 -LIDER
fixed length control field 00539nam a22002057a 4500
001 - NÚMERO DE CONTROL
Identificador de número de control 00260
003 - IDENTIFICACDOR DE NÚMERO DE CONTROL
control field DO-SdBNP
005 - DATE AND TIME OF LATEST TRANSACTION
control field 20180226104744.0
008 - ELEMENTOS DE LONGITUD FIJA
fixed length control field 151216b 1966 mau a 00| 0 spa d
040 ## - FUENTE DE CATALOGACIÓN
Agencia que crea de manera original el registro BPMSU
Idioma de catalogación spa
Agencia que realiza la transcripción BPMSU
082 #4 - NÚMERO DE CLASIFICACIÓN DECIMAL DE DEWEY
Classification number xxxx
Item number xxxx
100 1# - ASIENTO PRINCIPAL -- NOMBRE PERSONAL
Nombre personal Roussell, David Harris
245 1# - MENCIÓN DE TITULO
Título Friends Far and Near /
Mención de responsabilidad David H. Russell.
260 ## - PUBLICACIÓN, DISTRIBUCIÓN, ETC. (PIE DE IMPRENTA)
Lugar de publicación, distribución, etc Boston :
Nombre del editor, distribuidor, etc. Ginn and Company,
Fecha de publicación, distribución, etc 1966.
300 ## - DESCRIPCIÓN FÍSICA
Extensión 336 p. :
Otros detalles físicos il. ;
Dimensiones 23 cm.
910 ## - VALIDACIÓN
Validación 00260
942 ## - ADDED ENTRY ELEMENTS (KOHA)
Source of classification or shelving scheme Dewey Decimal Classification
Koha item type Libros
945 ## - INFORMACIÓN DE PROCESAMIENTO LOCAL
Información de procesamiento local Inventariado, 2018 / BT
956 ## - LOCAL ELECTRONIC LOCATION AND ACCESS (OCLC)
Nombre de host Lorenza Pérez
Número de acceso 10
Existencias
Withdrawn status Lost status Source of classification or shelving scheme Damaged status Not for loan Collection code Home library Current library Date acquired Source of acquisition Total Checkouts Full call number Barcode Date last seen Price effective from Koha item type
    Dewey Decimal Classification     Colección Infantil General Biblioteca Pública Metropolitana Salomé Ureña Biblioteca Pública Metropolitana Salomé Ureña 12/16/2015 FUNDI   xxxx xxxx BPMSU15120158 12/16/2015 12/16/2015 Libros